[Event "GER-ch U14"]
[Site "Willingen"]
[Date "2017.06.06"]
[Round "4"]
[White "Meric, Geoffrey"]
[Black "Jungandreas, Tillmann"]
[Result "1-0"]
[WhiteElo "1916"]
[BlackElo "1414"]
[PlyCount "71"]
[EventDate "2017.06.04"]
[EventType "swiss"]
[EventRounds "9"]
[EventCountry "GER"]
[SourceTitle "CBM 178 Extra"]
[Source "ChessBase"]
[SourceDate "2017.06.22"]
[SourceVersion "1"]
[SourceVersionDate "2017.06.22"]
[SourceQuality "1"]

1. e4 e5 2. Nf3 Nc6 3. Bb5 a6 4. Ba4 Nf6 5. d3 d6 6. c3 b5 7. Bc2 Bg4 8. Nbd2 Be7 9. 0-0 0-0 10. Re1 Qd7 11. Nf1 Nh5 12. h3 Be6 13. Nxe5 Nxe5 14. Qxh5 g6 15. Qe2 Bxh3 16. gxh3 Qxh3 17. Nh2 f5 18. Qf1 Qh4 19. Qg2 f4 20. Nf3 Qh6 21. d4 Nc4 22. b3 Nb6 23. Bd2 g5 24. Qh2 Qg6 25. Rac1 g4 26. Nh4 g3 27. fxg3 fxg3 28. Qh3 Qh5 29. Qxg3+ Kh8 30. Ng2 Rg8 31. Qh2 Qg4 32. e5 h5 33. Bd1 Qg6 34. Bxh5 Qh7 35. Re3 Rxg2+ 36. Kxg2 1-0